სოციალისტური მშენებლობა აჭარაში : (ბიბ.ჩანაწერი № 63563)
[ მარტივი ფორმატი ]
| 000 -ლიდერი | |
|---|---|
| ფიქსირებული სიგრძის საკონტროლო ველი | 00783nam a22001817a 4500 |
| 003 - საკონტროლო ნომრის იდენტიფიკატორი | |
| საკონტროლო ველი | Ge_BSU |
| 005 - ბოლო ოპერაციის თარიღი და დრო | |
| საკონტროლო ველი | 20251030203912.0 |
| 008 - ფიქსირებული სიგრძის მონაცემთა ელემენტები - ზოგადი ინფორმაცია | |
| ფიქსირებული სიგრძის საკონტროლო ველი | 251030s1971 ge ||||| |||| 00| 0 geo d |
| 041 ## - ენის კოდი | |
| Language code of text/sound track or separate title | geo |
| 080 ## - უნივერსალური ათობითი კლასიფიკაციის ინდექსი | |
| Universal Decimal Classification number | 908(479.224) ჯ-58 |
| 100 ## - მთავარი ჩანაწერი - პიროვნების სახელი | |
| Personal name | ჯიჯეიშვილი, გრიგოლ |
| 9 (RLIN) | 26143 |
| 245 ## - ცნობა სათაურის შესახებ | |
| Title | სოციალისტური მშენებლობა აჭარაში : |
| Remainder of title | 1921-1937 წწ. / |
| Statement of responsibility, etc | გრიგოლ ჯიჯეიშვილი. |
| 264 ## - წარმოების, გამოცემის, დისტრიბუციის და სხვა ცნობები | |
| გამოცემის, წარმოების, დისტრიბუციის... ადგილი | ბათუმი : |
| გამოცემის, წარმოების, დისტრიბუციის... სახელწოდება | საბჭ. აჭარა, |
| გამოცემის, წარმოების, დისტრიბუციის... თარიღი | 1971. |
| 300 ## - ფიზიკური აღწერა | |
| Extent | 206 გვ. ; |
| Other physical details | 20 სმ. |
| 520 ## - SUMMARY, ETC. | |
| Summary, etc | რეზუმე რუს. ენ. |
| 653 ## - INDEX TERM--UNCONTROLLED | |
| Uncontrolled term | კომუნისტური მშენებლობა აჭარაში |
| 942 ## - ADDED ENTRY ELEMENTS (KOHA) | |
| Source of classification or shelving scheme | |
| Koha item type | წიგნი |
| ჩამოწერის სტატუსი | დაკარგული ეგზემპლარის სტატუსი | კლასიფიკაციის წყარო ან თაროზე გაწყობის სქემა | დაზიანების სტატუსი | არ გაიცემა | მუდმივი მდებარეობა (დაცვის ადგილი) | ამჟამინდელი ადგილსამყოფელი | თაროზე განთავსების ადგილი | შეძენის თარიღი | ღირებულება, შესყიდვის ნორმალური ფასი | სრული შენახვის შიფრი | შტრიხკოდი | ბოლო ოპერაციის თარიღი | ეგზემპლარის მიმდევრობითი ნომერი (კეტერი?) | ფასის ძალაში შესვლის თარიღი | ეგზემპლარის სახეობა | საჯარო შენიშვნა |
|---|---|---|---|---|---|---|---|---|---|---|---|---|---|---|---|---|
| ბათუმის შოთა რუსთაველის სახელმწიფო უნივერსიტეტის მთავარი ბიბლიოთეკა | ბათუმის შოთა რუსთაველის სახელმწიფო უნივერსიტეტის მთავარი ბიბლიოთეკა | წიგნსაცავი | 2025-10-30 | 1.40 | 908(479.224) ჯ-58 | 72886 | 2025-10-30 | 72886 | 2025-10-30 | წიგნი | 1 ლ. 40 თ. | |||||
| ბათუმის შოთა რუსთაველის სახელმწიფო უნივერსიტეტის მთავარი ბიბლიოთეკა | ბათუმის შოთა რუსთაველის სახელმწიფო უნივერსიტეტის მთავარი ბიბლიოთეკა | წიგნსაცავი | 2025-10-30 | 1.40 | 908(479.224) ჯ-58 | 72887 | 2025-10-30 | 72887 | 2025-10-30 | წიგნი | 1 ლ. 40 თ. | |||||
| ბათუმის შოთა რუსთაველის სახელმწიფო უნივერსიტეტის მთავარი ბიბლიოთეკა | ბათუმის შოთა რუსთაველის სახელმწიფო უნივერსიტეტის მთავარი ბიბლიოთეკა | წიგნსაცავი | 2025-10-30 | 1.40 | 908(479.224) ჯ-58 | 72888 | 2025-10-30 | 72888 | 2025-10-30 | წიგნი | 1 ლ. 40 თ. | |||||
| ბათუმის შოთა რუსთაველის სახელმწიფო უნივერსიტეტის მთავარი ბიბლიოთეკა | ბათუმის შოთა რუსთაველის სახელმწიფო უნივერსიტეტის მთავარი ბიბლიოთეკა | წიგნსაცავი | 2025-10-30 | 1.40 | 908(479.224) ჯ-58 | 72889 | 2025-10-30 | 72889 | 2025-10-30 | წიგნი | 1 ლ. 40 თ. |
